000 00732nam a22002537a 4500
001 9323
003 FISKH
005 20251210162153.0
008 251210b cb ||||| |||| 00| 0 eng d
020 _a9780064431279
040 _aFISKH
_beng
_cFISKH
_dFISKH
050 _aPZ10.C1896 D
082 _a823.9
100 _aCarle, Eric
_eAuthor
245 _aDo you want to be my friend? /
_cBy Eric Carle
260 _aNew York :
_bHarperCollins Children's Books ,
_c1976
300 _a28 unnumbered pages :
_bcolor illustrations ;
_c21 x 26 cm
505 _aNP
520 _aA mouse searches everywhere for a friend.
521 8 _aNP
_bLexile
650 _aWordless book
_vPicture book
942 _2ddc
_cBK
_n0
999 _c9323
_d9323